000 00456pab a2200145 454500
008 180718b1986 xxu||||| |||| 00| 0 eng d
100 _aHarman Elizabeth J
245 _aGovernment and business in Western Australia, 1983-85
_bLegal and political aspects of the new hybrid enterprises
260 _c1986
300 _a247-62
362 _aSept.
650 _aGovernment and Business
773 _aAustralian Journal of Public Administration
909 _a9085
999 _c9085
_d9085